Dia patentialien Satzmorpheme des Scherkal-Ostjakischen

Elmentve itt :
Bibliográfiai részletek
Szerző: Ganschow Gerhard
Dokumentumtípus: Könyv része
Megjelent: JATE Finnugor Tanszék Szeged 1996
Sorozat:Ünnepi könyv Mikola Tibor tiszteletére
Kulcsszavak:Osztják nyelv
Tárgyszavak:
Online Access:http://acta.bibl.u-szeged.hu/86312
LEADER 00755naa a2200205 i 4500
001 acta86312
005 20250204144522.0
008 250204s1996 hu o 000 ger d
020 |a 963 482 099 9 
040 |a SZTE Egyetemi Kiadványok Repozitórium  |b hun 
041 |a ger 
100 1 |a Ganschow Gerhard 
245 1 0 |a Dia patentialien Satzmorpheme des Scherkal-Ostjakischen  |h [elektronikus dokumentum] /  |c  Ganschow Gerhard 
260 |a JATE Finnugor Tanszék  |b Szeged  |c 1996 
300 |a 106-107 
490 0 |a Ünnepi könyv Mikola Tibor tiszteletére 
650 4 |a Bölcsészettudományok 
650 4 |a Nyelvek és irodalom 
695 |a Osztják nyelv 
856 4 0 |u http://acta.bibl.u-szeged.hu/86312/1/1996_mikola_tibor_unnepi_konyv_106-107.pdf  |z Dokumentum-elérés